Engineering mechanics : Dynamics. Study guide and problems supplement /

Guardado en:
Detalles Bibliográficos
Autor principal: Hibbeler, Russell Charles (Autor)
Formato: Libro
Lenguaje:inglés
Publicado: New York : Macmillan Publishing Company, 1986
Edición:5.ed.
Materias:
Etiquetas: Agregar Etiqueta
Sin Etiquetas, Sea el primero en etiquetar este registro!

MARC

LEADER 00000nam a22000003a 4500
001 stu8410
005 20150617225805.6
008 960112s1986----xxu-----------------eng-d
020 |a 0-02-035463-8 
040 |a STU  |b slo 
041 0 |a eng 
044 |a xxu 
080 |a 531.8 
080 |a 531.21 
084 |a A0320  |2 INS 
084 |a A0340  |2 INS 
084 |a A4600  |2 INS  |7 A000004958 
100 1 |a Hibbeler, Russell Charles  |4 aut 
245 1 |a Engineering mechanics :  |b Dynamics. Study guide and problems supplement /  |c [aut.] Hibbeler,R.C 
250 |a 5.ed. 
260 |a New York :  |b Macmillan Publishing Company,  |c 1986 
300 |a 172 s 
650 7 |a technická mechanika  |2 stusub 
650 7 |a dynamika  |2 stusub 
996 |b E80336  |c E*80336  |l EE15  |s P  |a 0  |w stu8410_0001